000 00312nam a22001217a 4500
008 260506b |||||||| |||| 00| 0 eng d
082 _a001755
100 _aK. Krishnamurthy
245 _aKannada Kiratarjuniya
260 _aMysuru
_bDr. K. Krishnamurthy Research Foundation
_c2013
300 _a140p
942 _2ddc
999 _c1438
_d1438